Регионална библиотека "Любен Каравелов" - Русе

Нинджа срещу Плаващия град (Запис номер 4904)

MARC детайли
000 -Лидер
Контролно поле с фиксирана дължина 01503nam a2200349 c 4500
003 - Код на организацията, давaща контролен номер
Контролно поле BLK
005 - Дата и час на последна редакция
Контролно поле 20230908113218.0
008 - Елементи от данни с фиксирана дължина
fixed length control field 180412b bul|||||r ||||||| ||bul||
010 ## - Наследен системен номер
LC control number KNG00006074000
020 ## - Международен стандартен номер на книга ISBN
Международен стандартен номер на книга ISBN 954-8009-45-5
-- издат.: Гарант-21 - на том(ч. 1)
040 ## - Източник на каталожния запис
Идентификатор на билиотеката - собственик на записа BLK
041 ## - Код за език
Код за езика на текст/звукозапис или на отделно заглавие Български
Код за езика КДБФ Български
080 ## - УДК
Текстов определител УДК Американска литература (на САЩ)
УДК код - определител по УДК 821.111(73)
УДК определител -312.4
УДК - код + определител 821.111(73)-312.4
100 1# - Редна дума - Автор
Автор Ван Лустбадер, Ерик
Авторска отговорност първи автор
R(LIN) 244416
139 ## - Редно поле
Редна дума Ван Лустбадер, Ерик
Авторски знак Ванк - В 20
245 10 - Сведения за заглавието
Заглавие Нинджа срещу Плаващия град
Подзаглавни данни Роман : В 2 ч.
Редно поле (дума) Ерик Ван Лустбадер; прев. от англ. Веселин Иванов Лаптев.
Том Ч. 1
257 ## - Страна на издаване
Страна на създаване/издаване Съединени американски щати
260 ## - Област на издателските данни
-- София
Година на издаване 1995
Печатница Враца : Полипринт
300 ## - Физическа характеристика
Размери/Мащаб 20 см
380 ## - Жанр
Жанр Худож. лит.
500 ## - Общи забележки
Забележка Ориг. загл. Floating City / Eric Van Lustbader. - 7 200 тир.
653 ## - Ключова дума – ненормативна
Ключова дума трилъри
653 ## - Ключова дума – ненормативна
Ключова дума романи
700 1# - Други автори (авторска отговорност)
Лично име Лаптев, Веселин Иванов
Автороска отговорност (Описва отношението между автора и произведението) прев. от англ.
9 (RLIN) 244417
760 1# - Описание на основната серия
-- - на том(ч. 1)
Редна дума на основното описание Ван Лустбадер, Ерик
Място на издаване, издател и година Гарант-21, 1995
Страници - том 288 с.
Заглавие Ч. 1
852 ## - Местоположение
Форматна сигнатура Цб 180015
856 4# - Електронен адрес и достъп
Електронен формат pdf - файл
Път до файла /url/
856 4# - Електронен адрес и достъп
Електронен формат pdf - файл
Път до файла /url/
942 ## - АРТИКУЛИ
Вид на библиотечния материал Книги
Скрит в OPAC Не
Koha issues (borrowed), all copies 5
944 ## - СЪЗДАВАНЕ И РЕДАКЦИЯ на ЗАПИСА
Създаване/Редакция Създаване
Дата на регистрацията/редакция 15.01.2003
Статус, дата на статуса Минев Младен
Служител, извършил регистрацията/редакцията 30530
944 ## - СЪЗДАВАНЕ И РЕДАКЦИЯ на ЗАПИСА
Създаване/Редакция Редакция
Дата на регистрацията/редакция 15.12.2017
Статус, дата на статуса ф /
Служител, извършил регистрацията/редакцията Людмила_Стоянова
999 ## - СИСТЕМНИ КОНТРОЛНИ НОМЕРА
Koha biblionumber 4904
Koha biblioitemnumber 4904
Наличности
Код за отписване Код за изгубен артикул Източник на класификационната схема Код за повреда Коз за рестрикции Код за отдаване Артикулен № Име на библиотеката - собственик Име на библиотеката, в която се намира в момента Статус (Текущо местоположение) Дата на вписване в системата Местоположение - отдел Цена в лева Инвентарен номер Систематично азбучна сигнатура Баркод Номер на екземпляра Цена в евро Служебна бележка Служебен тип на артикула
  Не е изгубен Universal Decimal Classification Не е повреден без рестрикции ползва се в читалня 8678 Регионална библиотека "Любен Каравелов" Русе Регионална библиотека "Любен Каравелов" Русе Хранилище 2001-01-01 Хранилище 0.68 610403 Цб 180015 120000610403 1 0.35 Дост: Dp Вид: Д N: стар фонд Дата: 01.01.1995 Дата инв: 15.05.2015 Бележки инв: Цб2015 Книги
Изтеглен Не е изгубен   Не е повреден без рестрикции заемане за дома 8679 Регионална библиотека "Любен Каравелов" Русе Регионална библиотека "Любен Каравелов" Русе Заемна - подръчен фонд 2005-04-21 Заемна - подръчен фонд 3.00 120000693406 П 820(73)-31/В 20 120000693406 2 1.53 Дост: Pk Вид: Ф N: 4 Дата: 21.04.2005 Дата инв: 14.02.2018 Бележки инв: П2018 Книги
  Не е изгубен   Не е повреден без рестрикции заемане за дома 8680 Регионална библиотека "Любен Каравелов" Русе Регионална библиотека "Любен Каравелов" Русе Заемна - подръчен фонд 2017-12-14 Заемна - подръчен фонд 7.00 120000818012 П 820(73)-31/В 20 120000818012 3 3.58 Дост: DA Вид: А N: 44 Дата: 14.12.2017 Дата инв: 14.02.2018 Бележки инв: П2018 Книги
Vip Innovations Ltd, Rousse, Bulgaria 2025